| 000 | 00701nam a22001337a 4500 | ||
|---|---|---|---|
| 040 | _cRUA | ||
| 082 | _aVEM IV 2014 B459 Or.1 | ||
| 100 | _aIV VICHETH ; អ៊ីុវ វិចិត្រ | ||
| 245 | _aEffect of iverpac on nematodes of cattle in beong touk commune, teuk chhou district, kampot province, ប្រសិទ្ធភាព Iverpac លើ Nematodes ក្នុងក្រពះពោះវៀនគោ នៅឃុំបឹងទតូក ស្រុកទឹកឈូ ខេត្តកំពត | ||
| 260 |
_aPhnom Penh _bRUA _c2014 |
||
| 300 |
_axi ;47p. _bill. _c29cm. |
||
| 856 | _uhttps://drive.google.com/file/d/1_qUmRiD0sc23GCrQeUiEG6LGdXFGfjil/view?usp=sharing | ||
| 942 | _cVEM | ||
| 999 |
_c7532 _d7532 |
||